000 00331nam a22001097a 4500
082 _aCP53
100 _aMaj Syed Mohsin Ali
_950922
245 _aComputer aided civil engineering design and graphics
_bCE-388
_cMaj Syed Mohsin Ali
260 _aRisalpur,
_bMCE,
_c2016.
526 _a0
_b0
_c0
_dCP_000000000000000_53
942 _2ddc
_cBKB
999 _c553677
_d553677